000
00242nam a22001097a 4500
082
_a
400
100
_a
Jaman,Hasanuj
_9
83257
245
_a
MAX English Vocab
260
_a
Meerut UP
_b
Arihant Pub.
_c
2025
650
_a
Language
942
_c
C. BOOKS
999
_c
68102
_d
68102